| 000 | 00845nam a2200193Ia 4500 | ||
|---|---|---|---|
| 008 | 151121s9999||||xx |||||||||||||| ||und|| | ||
| 082 | _a954 /यादव | ||
| 082 | _bHNW-64066 | ||
| 100 | _aयादव राजेंद्र | ||
| 245 | _aगुलामी का आनंद और स्वतंत्रता के खतरे | ||
| 260 | _b"अक्षर प्रकाशन प्रा। लि।, न। दिल्ल़ी" | ||
| 260 | _c-- | ||
| 300 | _a158 | ||
| 600 | _aयादव राजेंद्र | ||
| 630 | _aगुलामी का आनंद और स्वतंत्रता के खतरे | ||
| 700 | _aयादव राजेंद्र | ||
| 730 | _aगुलामी का आनंद और स्वतंत्रता के खतरे | ||
| 942 | _cBOOK | ||
| 999 |
_c1245596 _d1245593 |
||